Malaysia printing & supporting industries directory 2006/ 2007.
| Format: | Book |
|---|---|
| Published: |
Shah Alam:
Marshall Cavendish,
2006.
|
| Subjects: |
| LEADER | 00504cam a2200145 7i4500 | ||
|---|---|---|---|
| 001 | 0000019081 | ||
| 005 | 20070406090000.0 | ||
| 090 | 0 | 0 | |a M 686.025 |b MAL |
| 245 | 0 | 0 | |a Malaysia printing & supporting industries directory 2006/ 2007. |
| 260 | 0 | 0 | |a Shah Alam: |b Marshall Cavendish, |c 2006. |
| 300 | # | # | |a 187 p. |
| 650 | 0 | 0 | |a Printing -- |x Directories -- |z Malaysia |
| 651 | 0 | 0 | |a Malaysia |
| 999 | |a SRW000064H |b Directories |c Malaysia |e MATRADE Sarawak | ||
| 999 | |a PNG000658H |b Directories |c Malaysia |e MATRADE Northern Regional Office | ||